Ecos de madera, de fuego y de agua / (Record no. 190621)

MARC details
000 -LEADER
campo de control de longitud fija 00905nam a2200265 i 4500
001 - NÚMERO DE CONTROL
campo de control 190621
003 - IDENTIFICADOR DE NÚMERO DE CONTROL
campo de control ES-MaACL
005 - FECHA Y HORA DE LA ÚLTIMA TRANSACCIÓN
campo de control 20250307141814.0
008 - DATOS DE LONGITUD FIJA--INFORMACIÓN GENERAL
campo de control de longitud fija 220223s2018 sp 001 p spa d
020 ## - NÚMERO INTERNACIONAL ESTÁNDAR DEL LIBRO
Número Internacional Estándar del Libro 978-84-948838-5-9
080 ## - NÚMERO DE LA CLASIFICACIÓN DECIMAL UNIVERSAL
Número de la Clasificación Decimal Universal 821.134.2-14"19"
100 1# - ENTRADA PRINCIPAL--NOMBRE DE PERSONA
Nombre de persona Nogales, Tuco.
9 (RLIN) 174197
245 10 - MENCIÓN DEL TÍTULO
Título Ecos de madera, de fuego y de agua /
Mención de responsabilidad, etc. Tuco Nogales.
250 ## - MENCION DE EDICION
Mención de edición 1ª ed.
260 ## - PUBLICACIÓN, DISTRIBUCIÓN, ETC.
Lugar de publicación, distribución, etc. Madrid :
Nombre del editor, distribuidor, etc. Vitruvio,
Fecha de publicación, distribución, etc. 2018.
300 ## - DESCRIPCIÓN FÍSICA
Extensión 128 p. :
Otras características físicas 1 il. ;
Dimensiones 24 cm.
490 1# - MENCIÓN DE SERIE
Mención de serie Colección Baños del Carmen ;
Designación de volumen o secuencia 721
505 8# - NOTA DE CONTENIDO CON FORMATO
Nota de contenido con formato Contiene: Ecos de madera ; Ecos de fuego ; Ecos de agua
830 1# - PUNTO DE ACCESO ADICIONAL DE SERIE-TÍTULO UNIFORME
Título uniforme Colección Baños del Carmen
Designación de volumen o secuencia 721
9 (RLIN) 183030
852 4# - LOCALIZACIÓN
Ubicación ES-MaACL
Número de control de estantería A-14884
itemnumber 197800
Sublocalización o colección R.152743
Ubicación en estantería Depósito 1
Signatura antigua Olim: N-7884
Donativo/Legado Donación: Tuco Nogales
903 ## - NOMBRE PERSONAL DE DONANTE
9 174197
a Nogales, Tuco
e Donante
942 ## - ELEMENTOS DE ENTRADA SECUNDARIOS (KOHA)
Fuente del sistema de clasificación o colocación Clasificación decimal universal
Tipo de ítem Koha Libro impreso
Holdings
Estatus retirado Estado de pérdida Fuente del sistema de clasificación o colocación Estado de daño No para préstamo Biblioteca de origen Biblioteca actual Ubicación en estantería Fecha de adquisición Fuente de adquisición Total de préstamos Signatura topográfica completa Código de barras Visto por última vez Precio de reemplazo Tipo de ítem Koha
    Clasificación decimal universal     Biblioteca del Ateneo de Madrid Biblioteca del Ateneo de Madrid Depósito 1 23/02/2022 Donación   A-14884 1202840 23/02/2023 23/02/2023 Libro impreso